[Event "Tch-CRO 1st Liga w 2017"]
[Site "Mali Losinj"]
[Date "2017.09.30"]
[Round "4.23"]
[White "Lukenda, Tina"]
[Black "Roklicer, Heike"]
[Result "1/2-1/2"]
[WhiteElo "2062"]
[BlackElo "2044"]
[PlyCount "52"]
[EventDate "2017.09.28"]
[EventType "team"]
[EventRounds "9"]
[EventCountry "CRO"]

1. d4 Nf6 2. Nf3 e6 3. Bg5 Be7 4. e3 b6 5. Bd3 Bb7 6. O-O c5 7. c4 Nc6 8. Nc3
O-O 9. a3 cxd4 10. exd4 d5 11. cxd5 Nxd5 12. Bxe7 Ncxe7 13. Re1 g6 14. Ne4 Nf5
15. Qd2 Kg7 16. Neg5 h6 17. Ne4 Nf6 18. Nxf6 Qxf6 19. Be4 Bxe4 20. Rxe4 Rfd8
21. Rd1 Rd5 22. h3 Rad8 23. Qd3 Kh7 24. Rd2 Kg7 25. Rd1 Kh7 26. Rd2 Kg7 1/2-1/2

[Event "Tch-CRO 1st Liga w 2017"]
[Site "Mali Losinj"]
[Date "2017.09.30"]
[Round "4.24"]
[White "Smetisko, Marija"]
[Black "Svaljek, Radmila"]
[Result "1/2-1/2"]
[WhiteElo "1795"]
[BlackElo "1967"]
[PlyCount "75"]
[EventDate "2017.09.28"]
[EventType "team"]
[EventRounds "9"]
[EventCountry "CRO"]

1. e4 e6 2. d4 d5 3. exd5 exd5 4. Nc3 Bb4 5. Bd3 Nc6 6. Nge2 Nge7 7. Bf4 Bg4 8.
f3 Bf5 9. Bxf5 Nxf5 10. Qd3 Nh4 11. O-O a6 12. Qe3+ Be7 13. Ng3 O-O 14. Rfe1
Bf6 15. Nce2 Re8 16. Qd2 Ng6 17. Be3 Qd7 18. Nh5 Bh4 19. Nhg3 b6 20. c3 Na5 21.
b3 Nb7 22. Bg5 Bxg5 23. Qxg5 h6 24. Qf5 Rad8 25. Kf2 Qc6 26. Rac1 Nd6 27. Qd3
Qd7 28. Rc2 a5 29. Rcc1 Re6 30. Qd2 Rf6 31. Kg1 Nh4 32. Qd3 Ndf5 33. Nxf5 Rxf5
34. Ng3 Rf6 35. Re2 Ng6 36. Qd2 Nh4 37. Qd3 Ng6 38. Qd2 1/2-1/2

[Event "Tch-CRO 1st Liga w 2017"]
[Site "Mali Losinj"]
[Date "2017.09.30"]
[Round "4.31"]
[White "Ivekovic, Ana"]
[Black "Jacimovic, Sara"]
[Result "1-0"]
[WhiteElo "2070"]
[BlackElo "1975"]
[PlyCount "81"]
[EventDate "2017.09.28"]
[EventType "team"]
[EventRounds "9"]
[EventCountry "CRO"]

1. d4 Nf6 2. c4 g6 3. Nc3 Bg7 4. Nf3 O-O 5. e4 d6 6. Be2 e5 7. d5 Nbd7 8. O-O
Nc5 9. Qc2 a5 10. b3 Ne8 11. a3 f5 12. Bg5 Nf6 13. Nd2 h6 14. Bxf6 Qxf6 15. b4
Nd7 16. Nb5 Qd8 17. Bd3 f4 18. f3 Rf7 19. c5 Nf6 20. cxd6 cxd6 21. Nc4 Ne8 22.
Qf2 Bf8 23. Nxa5 Be7 24. Nc4 Bd7 25. Nc3 Rc8 26. Rfc1 b5 27. Na5 Bh4 28. Qf1
Qb6+ 29. Kh1 Nc7 30. Nxb5 Nxb5 31. Rxc8+ Bxc8 32. Bxb5 g5 33. Nc6 g4 34. a4 Rg7
35. a5 Qe3 36. a6 gxf3 37. Qxf3 Qxf3 38. gxf3 Bf2 39. h4 Bh3 40. Kh2 Bg2 41.
Ra2 1-0

[Event "Tch-CRO 1st Liga w 2017"]
[Site "Mali Losinj"]
[Date "2017.09.30"]
[Round "4.33"]
[White "Turk, Vesna"]
[Black "Grgic, Neomi"]
[Result "0-1"]
[WhiteElo "1743"]
[BlackElo "1847"]
[PlyCount "124"]
[EventDate "2017.09.28"]
[EventType "team"]
[EventRounds "9"]
[EventCountry "CRO"]

1. d4 Nf6 2. Nf3 e6 3. Bg5 h6 4. Bh4 g5 5. Bg3 Ne4 6. Nbd2 Nxg3 7. hxg3 Bg7 8.
e3 d6 9. c3 Nd7 10. Be2 b6 11. Qa4 Bb7 12. Bb5 a6 13. Bxd7+ Qxd7 14. Qxd7+ Kxd7
15. e4 f5 16. exf5 exf5 17. O-O-O Bf6 18. Nc4 g4 19. Nfe5+ Bxe5 20. dxe5 Bxg2
21. Rh2 Bf3 22. Rd2 d5 23. Rd4 Ke6 24. Nd2 c5 25. Rf4 Be4 26. Rh5 Raf8 27. Kd1
Kxe5 28. Rxg4 Kf6 29. Rf4 Kg6 30. Rh2 c4 31. Nf1 Rd8 32. f3 Bd3 33. Ne3 Rd6 34.
g4 fxg4 35. Rxg4+ Kf7 36. Rd4 Rhd8 37. Ng4 Kg7 38. Ne5 Bf5 39. Rh5 Bg6 40. Rhh4
Bh7 41. f4 Bg6 42. Kd2 b5 43. Rg4 Kh7 44. Rg3 Rf6 45. Ng4 Re6 46. Ne5 Be4 47.
Re3 Rf8 48. Nd7 Rxf4 49. Nc5 Re5 50. Re2 a5 51. a3 h5 52. Nd7 Ref5 53. Nc5 Re5
54. Nd7 Re8 55. Rxd5 Bxd5 56. Rxe8 h4 57. Re2 h3 58. Ke1 Bg2 59. Re5 Rh4 60.
Rg5 Kh6 61. Rg8 h2 62. Rh8+ Kg5 0-1

[Event "Tch-CRO 1st Liga w 2017"]
[Site "Mali Losinj"]
[Date "2017.09.30"]
[Round "4.34"]
[White "Raguz, Ivanka"]
[Black "Dejanovic, Tereza"]
[Result "0-1"]
[WhiteElo "1812"]
[BlackElo "1808"]
[PlyCount "62"]
[EventDate "2017.09.28"]
[EventType "team"]
[EventRounds "9"]
[EventCountry "CRO"]

1. e4 c5 2. g3 d6 3. Bg2 Nf6 4. f4 e6 5. d3 Qc7 6. Nf3 Nc6 7. O-O Be7 8. c3 O-O
9. Na3 a6 10. Nc2 b5 11. a3 Bb7 12. h3 Rfd8 13. Qe2 Na5 14. Nd2 Rac8 15. g4 Nd7
16. g5 e5 17. Nf3 Nb3 18. f5 Nxa1 19. Nxa1 d5 20. Nh4 dxe4 21. Qg4 c4 22. g6
fxg6 23. fxg6 Qb6+ 24. d4 h6 25. Nf5 Bf8 26. Qh5 Rc6 27. Nh4 exd4 28. Bxe4 d3+
29. Kh1 Rf6 30. Bd5+ Qe6 31. Rxf6 Nxf6 0-1

[Event "Tch-CRO 1st Liga w 2017"]
[Site "Mali Losinj"]
[Date "2017.09.30"]
[Round "4.41"]
[White "Krivec, Jana"]
[Black "Voiska, Margarita"]
[Result "1/2-1/2"]
[WhiteElo "2270"]
[BlackElo "2272"]
[PlyCount "55"]
[EventDate "2017.09.28"]
[EventType "team"]
[EventRounds "9"]
[EventCountry "CRO"]

1. e4 d6 2. d4 Nf6 3. Nc3 e5 4. Nge2 Be7 5. g3 c6 6. a4 b6 7. Bg2 Nbd7 8. O-O
a6 9. h3 h5 10. f4 Bb7 11. Be3 Qc7 12. fxe5 dxe5 13. d5 cxd5 14. Nxd5 Nxd5 15.
exd5 Bc5 16. Bf2 Nf6 17. d6 Qd7 18. Bxb7 Qxb7 19. Bxc5 bxc5 20. Nc3 Rd8 21. Qe2
Rxd6 22. Qxe5+ Re6 23. Qxc5 Nd7 24. Qf5 O-O 25. Rae1 Rxe1 26. Rxe1 Nf6 27. b3
Qc7 28. Re3 1/2-1/2

[Event "Tch-CRO 1st Liga w 2017"]
[Site "Mali Losinj"]
[Date "2017.09.30"]
[Round "4.42"]
[White "Franciskovic, Borka"]
[Black "Starcevic, Andrea"]
[Result "1-0"]
[WhiteElo "2248"]
[BlackElo "1879"]
[PlyCount "97"]
[EventDate "2017.09.28"]
[EventType "team"]
[EventRounds "9"]
[EventCountry "CRO"]

1. c4 c5 2. Nf3 e6 3. g3 Nf6 4. Bg2 Be7 5. O-O O-O 6. Nc3 Nc6 7. d4 cxd4 8.
Nxd4 a6 9. Bf4 Nxd4 10. Qxd4 d6 11. Qd2 Qc7 12. Rac1 Rd8 13. Rfd1 e5 14. Bg5
Be6 15. Nd5 Bxd5 16. cxd5 Qd7 17. e4 Rac8 18. Be3 Rf8 19. f3 Bd8 20. Rxc8 Qxc8
21. Rc1 Qd7 22. Qc3 Qa4 23. Qc4 Qa5 24. b4 Qa4 25. Qb3 Qd7 26. a4 Ne8 27. h4 f5
28. Bh3 g6 29. Kh2 Ng7 30. Bh6 Qf7 31. Rf1 Kh8 32. f4 exf4 33. Rxf4 Re8 34.
Bxg7+ Kxg7 35. exf5 Re2+ 36. Bg2 g5 37. hxg5 Bxg5 38. Qf3 Ra2 39. f6+ Kg8 40.
Rf5 h6 41. a5 Rd2 42. Qg4 Kf8 43. Kh3 Qe8 44. Rxg5 hxg5 45. Qxg5 Qf7 46. Be4
Rf2 47. Bf5 Qg8 48. Qh6+ Ke8 49. Qe3+ 1-0

[Event "Tch-CRO 1st Liga w 2017"]
[Site "Mali Losinj"]
[Date "2017.09.30"]
[Round "4.43"]
[White "Tomulic, Vesna"]
[Black "Vujnovic, Patricija"]
[Result "1/2-1/2"]
[WhiteElo "1829"]
[BlackElo "2121"]
[PlyCount "31"]
[EventDate "2017.09.28"]
[EventType "team"]
[EventRounds "9"]
[EventCountry "CRO"]

1. e4 c6 2. Nc3 d5 3. Nf3 dxe4 4. Nxe4 Bg4 5. Be2 e6 6. d4 Be7 7. h3 Bxf3 8.
Bxf3 Nf6 9. O-O Nbd7 10. c4 O-O 11. Be3 Qc7 12. Rc1 e5 13. Qc2 Nxe4 14. Bxe4 g6
15. dxe5 Nxe5 16. f4 1/2-1/2

[Event "Tch-CRO 1st Liga w 2017"]
[Site "Mali Losinj"]
[Date "2017.09.30"]
[Round "4.44"]
[White "Ivekovic, Tihana"]
[Black "Krajacic, Ivona"]
[Result "1-0"]
[WhiteElo "2111"]
[BlackElo "1589"]
[PlyCount "79"]
[EventDate "2017.09.28"]
[EventType "team"]
[EventRounds "9"]
[EventCountry "CRO"]

1. d4 e6 2. c4 d5 3. Nf3 Nf6 4. g3 Be7 5. Bg2 c6 6. Nbd2 Nbd7 7. O-O Qc7 8. Qc2
O-O 9. Rd1 e5 10. cxd5 Nxd5 11. Nxe5 Nxe5 12. Bxd5 Ng6 13. Bg2 Rd8 14. d5 c5
15. b3 Rb8 16. Bb2 b6 17. Nc4 Bb7 18. h4 f6 19. h5 Ne5 20. Bxe5 fxe5 21. Qf5
Qc8 22. Qxc8 Rdxc8 23. Nxe5 Bf6 24. Nd7 Bxa1 25. Nxb8 Be5 26. Nc6 Bxc6 27. dxc6
Rc7 28. e3 Kf7 29. f4 Bf6 30. g4 h6 31. Rd5 g5 32. hxg6+ Kxg6 33. Rd6 Kf7 34.
e4 Ke7 35. e5 Bg7 36. Kf2 Bf8 37. f5 Ke8 38. Bd5 Bxd6 39. exd6 Rh7 40. c7 1-0

[Event "Tch-CRO 1st Liga w 2017"]
[Site "Mali Losinj"]
[Date "2017.10.01"]
[Round "5.11"]
[White "Jacimovic, Sara"]
[Black "Krivec, Jana"]
[Result "1/2-1/2"]
[WhiteElo "1975"]
[BlackElo "2270"]
[PlyCount "107"]
[EventDate "2017.09.28"]
[EventType "team"]
[EventRounds "9"]
[EventCountry "CRO"]

1. d4 d6 2. e3 e5 3. c4 Nc6 4. Nc3 g6 5. Nf3 Bg7 6. Be2 Nh6 7. h3 O-O 8. d5 Ne7
9. Qd2 f5 10. b4 Nf7 11. e4 fxe4 12. Nxe4 Bf5 13. Bd3 c6 14. Bc2 cxd5 15. cxd5
Rc8 16. g4 Bxe4 17. Bxe4 Rc4 18. Qd3 Qc8 19. Bd2 b5 20. Ke2 Bh6 21. Rhc1 Bxd2
22. Rxc4 bxc4 23. Qxd2 Qb7 24. Rd1 Qa6 25. Qc2 Rc8 26. Ke1 c3 27. h4 Qa3 28.
Rb1 Rc4 29. Rb3 Qa4 30. Qb1 a5 31. Ng1 axb4 32. f3 Qa7 33. Ne2 Qe3 34. Qd3 Qxd3
35. Bxd3 Rc5 36. Rxb4 Nxd5 37. Rc4 Ra5 38. Nxc3 Nxc3 39. Rxc3 Rxa2 40. Rc8+ Kg7
41. Rc7 Ra5 42. Ke2 d5 43. Rd7 Kf6 44. Rb7 Ra2+ 45. Kf1 Nd6 46. Rxh7 e4 47.
fxe4 dxe4 48. Be2 e3 49. Bd3 Rd2 50. g5+ Ke5 51. Bxg6 Kf4 52. Rd7 Kg4 53. Re7
Kxh4 54. Rxe3 1/2-1/2

[Event "Tch-CRO 1st Liga w 2017"]
[Site "Mali Losinj"]
[Date "2017.10.01"]
[Round "5.12"]
[White "Starcevic, Andrea"]
[Black "Videkovic, Marina"]
[Result "1-0"]
[WhiteElo "1879"]
[BlackElo "1850"]
[PlyCount "47"]
[EventDate "2017.09.28"]
[EventType "team"]
[EventRounds "9"]
[EventCountry "CRO"]

1. c4 c6 2. Nf3 Nf6 3. Nc3 d5 4. e3 g6 5. Be2 Bg7 6. O-O O-O 7. b4 dxc4 8. Bxc4
b5 9. Bb3 a5 10. bxa5 Nd5 11. Bb2 Nxc3 12. Bxc3 Bxc3 13. dxc3 Qxa5 14. Rc1 Nd7
15. Nd4 Qb6 16. c4 b4 17. c5 Nxc5 18. Nxc6 Nxb3 19. Nxe7+ Kg7 20. Nxc8 Raxc8
21. Qxb3 Rfd8 22. Rxc8 Rxc8 23. Rb1 Rc3 24. Qxc3+ 1-0

[Event "Tch-CRO 1st Liga w 2017"]
[Site "Mali Losinj"]
[Date "2017.10.01"]
[Round "5.13"]
[White "Grgic, Neomi"]
[Black "Tomulic, Vesna"]
[Result "1/2-1/2"]
[WhiteElo "1847"]
[BlackElo "1829"]
[PlyCount "101"]
[EventDate "2017.09.28"]
[EventType "team"]
[EventRounds "9"]
[EventCountry "CRO"]

1. e4 c6 2. Nc3 d5 3. Nf3 Nf6 4. e5 Ne4 5. d3 Nxc3 6. bxc3 e6 7. Be2 Be7 8. O-O
O-O 9. d4 c5 10. c4 cxd4 11. Qxd4 Nc6 12. Qg4 f6 13. exf6 Bxf6 14. Rb1 e5 15.
Qh5 g6 16. Qh6 Bg7 17. Qe3 d4 18. Qb3 Na5 19. Qa3 Bf5 20. Rb5 b6 21. Nxe5 Bxc2
22. Bd3 Bxd3 23. Qxd3 Rf5 24. Ng4 Rc5 25. Nh6+ Bxh6 26. Bxh6 Rxc4 27. Rg5 Qf6
28. h4 Rc5 29. Rd1 Nc6 30. Rxc5 bxc5 31. Qc4+ Kh8 32. Qxc5 Rc8 33. Bg5 Qe6 34.
Qb5 Rb8 35. Qa4 Rb4 36. Qa6 Rb6 37. Qa3 Rb8 38. Qf3 Re8 39. Bf6+ Kg8 40. Bxd4
Nxd4 41. Rxd4 Qxa2 42. Rd7 Rf8 43. Qe3 a5 44. h5 Qb1+ 45. Kh2 Qf5 46. Qb3+ Rf7
47. Rxf7 Qxf7 48. Qb8+ Qf8 49. Qb3+ Qf7 50. Qb8+ Qf8 51. Qb3+ 1/2-1/2

[Event "Tch-CRO 1st Liga w 2017"]
[Site "Mali Losinj"]
[Date "2017.10.01"]
[Round "5.14"]
[White "Krajacic, Ivona"]
[Black "Raguz, Ivanka"]
[Result "1-0"]
[WhiteElo "1589"]
[BlackElo "1812"]
[PlyCount "129"]
[EventDate "2017.09.28"]
[EventType "team"]
[EventRounds "9"]
[EventCountry "CRO"]

1. d4 Nf6 2. Bf4 b6 3. Nf3 Bb7 4. e3 e6 5. Nbd2 Be7 6. Bd3 d6 7. h3 Nbd7 8. O-O
c5 9. Qe2 O-O 10. c3 Re8 11. Rfd1 cxd4 12. cxd4 Nd5 13. Bg3 Nb4 14. Bb5 a6 15.
Ba4 b5 16. Bb3 Qb6 17. a3 Nd5 18. Rac1 Rac8 19. Qe1 Bf8 20. Rxc8 Rxc8 21. Rc1
Rxc1 22. Qxc1 N5f6 23. Qc2 h6 24. Qd3 Bc6 25. Bc2 a5 26. e4 d5 27. exd5 Bxd5
28. Ne5 Qb7 29. Nxd7 Qxd7 30. Be5 Be7 31. Nb3 Be4 32. Qe2 Bxc2 33. Qxc2 a4 34.
Nd2 Nd5 35. Nf3 b4 36. axb4 Nxb4 37. Qc4 Qb7 38. Bf4 Qe4 39. Bc1 Qd3 40. Qc8+
Kh7 41. Qc7 Nd5 42. Qc6 Qd1+ 43. Kh2 Qe2 44. Kg1 Qd1+ 45. Kh2 Bd8 46. Nd2 Bc7+
47. g3 Qe2 48. Kg1 Bb6 49. Qc4 Qe1+ 50. Kg2 Bc7 51. Nf3 Qe4 52. Qxa4 f5 53. Qd1
f4 54. gxf4 Nxf4+ 55. Bxf4 Qxf4 56. Qc2+ g6 57. Ne5 Bxe5 58. dxe5 Qxe5 59. Qc3
Qd5+ 60. Qf3 Qd7 61. Qe4 h5 62. b4 Qd6 63. b5 Qb6 64. Qc6 Qb8 65. b6 1-0

[Event "Tch-CRO 1st Liga w 2017"]
[Site "Mali Losinj"]
[Date "2017.10.01"]
[Round "5.21"]
[White "Repkova, Eva"]
[Black "Ivekovic, Ana"]
[Result "1-0"]
[WhiteElo "2315"]
[BlackElo "2070"]
[PlyCount "123"]
[EventDate "2017.09.28"]
[EventType "team"]
[EventRounds "9"]
[EventCountry "CRO"]

1. e4 e5 2. Bc4 Nf6 3. d3 Be7 4. Nf3 Nc6 5. Nbd2 d6 6. c3 O-O 7. Nf1 Na5 8. Bb5
c5 9. Ng3 a6 10. Ba4 b5 11. Bc2 Re8 12. O-O h6 13. d4 Nc6 14. d5 Na5 15. a4 Bd7
16. axb5 axb5 17. Nh4 Bf8 18. Nhf5 Kh7 19. f4 g6 20. fxe5 dxe5 21. Ne3 Bg7 22.
h3 Nb7 23. Rxa8 Qxa8 24. Ng4 Qd8 25. Nxf6+ Bxf6 26. Qf3 Bg7 27. Be3 f6 28. h4
h5 29. Ra1 Rf8 30. Qf2 Qc8 31. Ra6 c4 32. Ra7 Rf7 33. Bd1 Bf8 34. Ra6 Be7 35.
Be2 Nc5 36. Ra7 Na4 37. Bd1 Nc5 38. Bc2 Nb7 39. Ra6 Nc5 40. Rb6 Qc7 41. d6 Bxd6
42. Rxd6 Qxd6 43. Bxc5 Qa6 44. Qe1 Bg4 45. Nf1 Rc7 46. Be3 Rd7 47. Bc1 Qb6+ 48.
Kh2 Qc5 49. Ne3 Be6 50. Qg3 Rg7 51. Qf3 Rf7 52. Qe2 Bg4 53. Qd2 Qf8 54. Nxg4
hxg4 55. Qe2 Qc5 56. Qxg4 Qf2 57. h5 gxh5 58. Qxh5+ Kg8 59. Bh6 Ra7 60. Bd1 Rf7
61. Bg4 Re7 62. Be6+ 1-0

[Event "Tch-CRO 1st Liga w 2017"]
[Site "Mali Losinj"]
[Date "2017.10.01"]
[Round "5.22"]
[White "Turk, Tajana"]
[Black "Medic, Mirjana"]
[Result "1-0"]
[WhiteElo "2018"]
[BlackElo "2128"]
[PlyCount "67"]
[EventDate "2017.09.28"]
[EventType "team"]
[EventRounds "9"]
[EventCountry "CRO"]

1. d4 Nf6 2. c4 e6 3. Nf3 d5 4. e3 Be7 5. Nc3 O-O 6. Bd3 b6 7. O-O Bb7 8. cxd5
exd5 9. Qc2 c5 10. b3 Nc6 11. a3 Rc8 12. Bf5 Rb8 13. dxc5 bxc5 14. Na4 Ba6 15.
Rd1 Na5 16. Rb1 c4 17. b4 Nb3 18. Bb2 Bb7 19. Ne5 Qe8 20. Nc3 a5 21. b5 Rd8 22.
e4 g6 23. Bh3 d4 24. Nd5 Nxd5 25. Qxc4 Nf4 26. Qxb3 Nxh3+ 27. Qxh3 Bxe4 28. a4
Bxb1 29. Rxb1 Bb4 30. Nc6 Qe4 31. Rf1 Rd6 32. Qg3 d3 33. Qf3 Qxf3 34. Ne7# 1-0

[Event "Tch-CRO 1st Liga w 2017"]
[Site "Mali Losinj"]
[Date "2017.10.01"]
[Round "5.23"]
[White "Roklicer, Heike"]
[Black "Spiranec, Noemi"]
[Result "1/2-1/2"]
[WhiteElo "2044"]
[BlackElo "1957"]
[PlyCount "118"]
[EventDate "2017.09.28"]
[EventType "team"]
[EventRounds "9"]
[EventCountry "CRO"]

1. d4 Nf6 2. Nc3 d5 3. Bg5 Bf5 4. f3 Nbd7 5. e3 c6 6. Bd3 Bxd3 7. Qxd3 e5 8.
Nge2 Be7 9. Bh4 O-O 10. O-O-O Re8 11. Bf2 Bf8 12. Qf5 g6 13. Qh3 e4 14. f4 b5
15. Rdf1 Nb6 16. f5 Qd6 17. fxg6 hxg6 18. Bh4 Nh5 19. g4 Ng7 20. Rf2 a5 21.
Rhf1 Ra7 22. Rf6 Re6 23. Rxe6 Nxe6 24. Bf6 Bg7 25. Qg3 Qxg3 26. Nxg3 Bxf6 27.
Rxf6 Kg7 28. Rf1 Ng5 29. h4 Nf3 30. h5 Ra8 31. Rf2 Rh8 32. b3 Nd7 33. hxg6 fxg6
34. Rg2 Rh2 35. Rxh2 Nxh2 36. Nce2 Nxg4 37. Kd2 Kf6 38. Nf4 Nf8 39. c4 bxc4 40.
bxc4 g5 41. Nxd5+ cxd5 42. cxd5 Nd7 43. Nxe4+ Kg6 44. Ng3 Ngf6 45. e4 g4 46.
Ke3 Kg5 47. d6 Ne8 48. e5 Ng7 49. Ke4 Ne6 50. d5 Nec5+ 51. Kd4 Nb7 52. e6 Nxd6
53. exd7 Nf7 54. Ke4 Kf6 55. Kf4 Ke7 56. Nf5+ Kxd7 57. Kxg4 Nd6 58. Nd4 Nc4 59.
Kf4 Kd6 1/2-1/2

[Event "Tch-CRO 1st Liga w 2017"]
[Site "Mali Losinj"]
[Date "2017.10.01"]
[Round "5.24"]
[White "Turk, Vesna"]
[Black "Smetisko, Marija"]
[Result "0-1"]
[WhiteElo "1743"]
[BlackElo "1795"]
[PlyCount "60"]
[EventDate "2017.09.28"]
[EventType "team"]
[EventRounds "9"]
[EventCountry "CRO"]

1. d4 Nf6 2. Nf3 d5 3. Bg5 Ne4 4. Bf4 c5 5. c3 Qb6 6. Qb3 Qxb3 7. axb3 Nc6 8.
e3 cxd4 9. exd4 e6 10. Bb5 Bd7 11. Bc7 Nb4 12. Bxd7+ Kxd7 13. cxb4 Bxb4+ 14.
Ke2 Kxc7 15. Rc1+ Kd8 16. Ne5 Rf8 17. f3 Nf6 18. Na3 Nd7 19. Nd3 Be7 20. Nb5 a6
21. f4 Rc8 22. Na7 Rxc1 23. Rxc1 Nb6 24. b4 Kd7 25. Nc5+ Bxc5 26. bxc5 Nc4 27.
b3 Na5 28. b4 Nb3 29. c6+ bxc6 30. Rd1 Ra8 0-1

[Event "Tch-CRO 1st Liga w 2017"]
[Site "Mali Losinj"]
[Date "2017.10.01"]
[Round "5.31"]
[White "Zarkovic, Mila"]
[Black "Kejzar, Petra"]
[Result "1-0"]
[WhiteElo "2242"]
[BlackElo "2021"]
[PlyCount "67"]
[EventDate "2017.09.28"]
[EventType "team"]
[EventRounds "9"]
[EventCountry "CRO"]

1. e4 e5 2. Nf3 Nc6 3. Bb5 a6 4. Ba4 Nf6 5. O-O b5 6. Bb3 Be7 7. Re1 O-O 8. a4
Bb7 9. d3 d6 10. Nbd2 Na5 11. Ba2 c5 12. Nf1 Qc7 13. Ng3 c4 14. dxc4 Nxc4 15.
c3 Rfc8 16. Qe2 Bf8 17. b3 Na5 18. Bg5 bxa4 19. bxa4 Nd7 20. Nf5 Nb6 21. Nd2
Nbc4 22. Nxc4 Nxc4 23. Rab1 d5 24. Qg4 a5 25. Red1 Bc6 26. Nxg7 f6 27. Ne6 Qf7
28. Bxf6+ Qg6 29. Qxg6+ hxg6 30. exd5 Bxa4 31. Re1 Bd6 32. Rb7 Rab8 33. Rg7+
Kh8 34. Rxg6+ 1-0

[Event "Tch-CRO 1st Liga w 2017"]
[Site "Mali Losinj"]
[Date "2017.10.01"]
[Round "5.32"]
[White "Lukenda, Tina"]
[Black "Sulc, Gordana"]
[Result "1-0"]
[WhiteElo "2062"]
[BlackElo "1848"]
[PlyCount "73"]
[EventDate "2017.09.28"]
[EventType "team"]
[EventRounds "9"]
[EventCountry "CRO"]

1. d4 Nf6 2. c4 e6 3. Nc3 Bb4 4. Qc2 O-O 5. a3 Bxc3+ 6. Qxc3 b6 7. Nf3 Bb7 8.
Bg5 d6 9. e3 Nbd7 10. Bd3 h6 11. Bh4 Re8 12. Rd1 Qe7 13. b4 e5 14. dxe5 dxe5
15. Bf5 Nf8 16. O-O Bxf3 17. gxf3 g5 18. Bg3 Nh5 19. Rd5 Nxg3 20. hxg3 c6 21.
Rd2 Rad8 22. Rfd1 Rxd2 23. Qxd2 Qf6 24. Be4 Qe6 25. Qd3 Kg7 26. c5 bxc5 27.
bxc5 Rb8 28. Qa6 Qc8 29. Qxa7 Ra8 30. Qe7 Qe6 31. Qc7 Rxa3 32. Bxc6 Rc3 33. Bd5
Qf6 34. Qa5 Rc2 35. Be4 Rb2 36. c6 g4 37. c7 1-0

[Event "Tch-CRO 1st Liga w 2017"]
[Site "Mali Losinj"]
[Date "2017.10.01"]
[Round "5.33"]
[White "Mican, Karmela"]
[Black "Svaljek, Radmila"]
[Result "1/2-1/2"]
[WhiteElo "1804"]
[BlackElo "1967"]
[PlyCount "107"]
[EventDate "2017.09.28"]
[EventType "team"]
[EventRounds "9"]
[EventCountry "CRO"]

1. e4 e6 2. d4 d5 3. Nd2 dxe4 4. Nxe4 Bd7 5. Nf3 Bc6 6. Bd3 Nd7 7. O-O Ngf6 8.
Qe2 Be7 9. Neg5 Bxf3 10. Qxf3 c6 11. Qh3 Nf8 12. c3 Nd5 13. Nf3 Qc7 14. Ne5 Bf6
15. f4 O-O-O 16. a3 g6 17. c4 Nb6 18. Be3 Bg7 19. Be2 f6 20. Nf3 Nfd7 21. b4
Kb8 22. a4 f5 23. a5 Nc8 24. Qg3 Nf6 25. Ng5 Rhe8 26. Qe1 h6 27. Nf3 Ng4 28.
Qc3 Nxe3 29. Qxe3 Nd6 30. Bd3 Nf7 31. Rfd1 g5 32. fxg5 hxg5 33. Be2 g4 34. Ne1
Rh8 35. g3 Bh6 36. Qb3 f4 37. b5 f3 38. b6 Qe7 39. bxa7+ Ka8 40. Bxf3 gxf3 41.
Nxf3 Ng5 42. Ne5 Qh7 43. a6 Nh3+ 44. Kg2 Qe4+ 45. Qf3 Qxf3+ 46. Nxf3 Bg7 47.
axb7+ Kxb7 48. Re1 Ka8 49. Rxe6 c5 50. Rb1 Bxd4 51. Nxd4 cxd4 52. Rb8+ Rxb8 53.
axb8=Q+ Kxb8 54. Rd6 1/2-1/2

[Event "Tch-CRO 1st Liga w 2017"]
[Site "Mali Losinj"]
[Date "2017.10.01"]
[Round "5.34"]
[White "Batory, Lucija"]
[Black "Lijic, Kristina"]
[Result "0-1"]
[WhiteElo "1730"]
[BlackElo "1717"]
[PlyCount "56"]
[EventDate "2017.09.28"]
[EventType "team"]
[EventRounds "9"]
[EventCountry "CRO"]

1. e4 c5 2. c3 d6 3. d4 cxd4 4. cxd4 Nf6 5. Nc3 g6 6. Nf3 Bg7 7. Bd3 O-O 8. O-O
Nc6 9. Bf4 Bg4 10. Be2 Bxf3 11. Bxf3 Qb6 12. e5 dxe5 13. dxe5 Rfd8 14. Qe1 Ne8
15. b3 Nc7 16. Rc1 Rac8 17. Na4 Qd4 18. Rc4 Qd7 19. Nc5 Qf5 20. Nxb7 Rd4 21.
Rxc6 Qxf4 22. Rc5 Qf5 23. e6 Qxe6 24. Qxe6 fxe6 25. Rfc1 Rd7 26. Bc6 Rd2 27.
Ba4 Bd4 28. Rxc7 Rxc7 0-1

[Event "Tch-CRO 1st Liga w 2017"]
[Site "Mali Losinj"]
[Date "2017.10.01"]
[Round "5.41"]
[White "Bulmaga, Irina"]
[Black "Purgar, Ivona"]
[Result "1-0"]
[WhiteElo "2423"]
[BlackElo "2159"]
[PlyCount "131"]
[EventDate "2017.09.28"]
[EventType "team"]
[EventRounds "9"]
[EventCountry "CRO"]

1. e4 c5 2. Nf3 e6 3. d4 cxd4 4. Nxd4 Nc6 5. Nc3 Qc7 6. Be2 a6 7. Be3 b5 8.
Nxc6 dxc6 9. O-O Bb7 10. f4 Be7 11. Qe1 c5 12. f5 exf5 13. Bf4 Qb6 14. Nd5 Bxd5
15. exd5 c4+ 16. Kh1 Bd6 17. Bxc4+ Ne7 18. Bb3 O-O 19. a4 Bxf4 20. Rxf4 Qd6 21.
Qb4 Qd7 22. Rd4 Rad8 23. Rad1 Rfe8 24. h3 Ng6 25. axb5 axb5 26. d6 f4 27. Bd5
Re3 28. R4d3 Rxd3 29. Rxd3 Ne5 30. Rb3 f3 31. Bxf3 Nxf3 32. Rxf3 Qxd6 33. Qxd6
Rxd6 34. Rb3 Rb6 35. c4 b4 36. Kg1 Kf8 37. Kf2 Ke7 38. Ke3 Kd6 39. Kd4 Rb7 40.
Rg3 f6 41. Re3 Rd7 42. c5+ Kc6+ 43. Kc4 Rd2 44. Re6+ Kc7 45. b3 Rxg2 46. Kxb4
f5 47. Kb5 Rd2 48. Re5 g6 49. c6 Rc2 50. Re7+ Kd6 51. Rd7+ Ke6 52. Kb6 f4 53.
Rd3 Ke5 54. c7 Ke4 55. Rd8 f3 56. c8=Q Rxc8 57. Rxc8 f2 58. Rf8 Ke3 59. b4 Ke2
60. b5 f1=Q 61. Rxf1 Kxf1 62. Kc5 h5 63. b6 g5 64. b7 Kg2 65. b8=Q Kxh3 66. Qe5
1-0

[Event "Tch-CRO 1st Liga w 2017"]
[Site "Mali Losinj"]
[Date "2017.10.01"]
[Round "5.42"]
[White "Blazeka, Mihaela"]
[Black "Berke, Ana"]
[Result "1-0"]
[WhiteElo "2096"]
[BlackElo "2169"]
[PlyCount "93"]
[EventDate "2017.09.28"]
[EventType "team"]
[EventRounds "9"]
[EventCountry "CRO"]

1. e4 c5 2. Nf3 e6 3. c4 Nc6 4. d4 cxd4 5. Nxd4 Nf6 6. Nc3 Bb4 7. Nxc6 bxc6 8.
Bd3 e5 9. O-O O-O 10. Qc2 Bc5 11. Bg5 h6 12. Bh4 d6 13. a3 a5 14. Rab1 Rb8 15.
Qa4 Bd4 16. Bxf6 Qxf6 17. Qxc6 Qg5 18. Ne2 Bc5 19. Qa4 f5 20. b4 axb4 21. axb4
Bd4 22. Nxd4 exd4 23. Qa7 Bb7 24. Qxd4 Rbd8 25. f3 Rf6 26. exf5 h5 27. Be4 Bc8
28. b5 Bxf5 29. b6 Rb8 30. Qd5+ Kh7 31. Bxf5+ Qxf5 32. Qxf5+ Rxf5 33. Rfd1 Rc5
34. Rxd6 Rxc4 35. Rd7 Rc2 36. b7 Rc6 37. Re1 h4 38. Re4 Rc1+ 39. Kf2 Rc2+ 40.
Ke3 Rxg2 41. Rxh4+ Kg6 42. Rg4+ Rxg4 43. fxg4 Kf6 44. h4 g6 45. Kf4 g5+ 46.
hxg5+ Kg6 47. Ke5 1-0

[Event "Tch-CRO 1st Liga w 2017"]
[Site "Mali Losinj"]
[Date "2017.10.01"]
[Round "5.43"]
[White "Bogdanic, Katarina"]
[Black "Rozman, Monika"]
[Result "0-1"]
[WhiteElo "1982"]
[BlackElo "2194"]
[PlyCount "138"]
[EventDate "2017.09.28"]
[EventType "team"]
[EventRounds "9"]
[EventCountry "CRO"]

1. c4 Nf6 2. g3 g6 3. Bg2 Bg7 4. Nf3 O-O 5. O-O Re8 6. d4 d5 7. cxd5 Nxd5 8.
Nc3 Nxc3 9. bxc3 c5 10. Bb2 Nc6 11. Qd2 Bg4 12. e3 Qa5 13. Qc2 Rac8 14. Qb3
cxd4 15. cxd4 Qh5 16. Nd2 Na5 17. Qa4 Be2 18. Rfc1 b6 19. Rxc8 Rxc8 20. Rc1
Rxc1+ 21. Bxc1 Bb5 22. Qc2 Qg4 23. Ba3 Qd7 24. Qe4 Bf8 25. Bb2 Nc4 26. Qc2 Nxb2
27. Qxb2 Bg7 28. Nf3 e5 29. h3 exd4 30. Nxd4 Bc4 31. Qc2 b5 32. Nc6 h6 33. Kh2
Kh7 34. a4 a6 35. axb5 axb5 36. Na5 Be6 37. Nc6 Qd6 38. Qb1 Qc5 39. Nb4 Bc3 40.
Nd3 Qc4 41. Bf1 b4 42. Nxb4 Qxb4 43. Qxb4 Bxb4 44. Bd3 Kg7 45. Kg2 Bd7 46. Be4
Bc5 47. g4 Kf6 48. Bd5 Be6 49. Bxe6 Kxe6 50. Kf3 Ke5 51. Ke2 g5 52. Kf3 Bd6 53.
Ke2 Kd5 54. Kd3 Bh2 55. Kd2 Kc4 56. f3 Bg3 57. Kc2 f6 58. Kd2 Bc7 59. Ke2 Kc3
60. f4 gxf4 61. exf4 Bxf4 62. Kf3 Bg5 63. Kg3 Kd4 64. Kf3 Kd3 65. Kg3 Ke3 66.
h4 Bf4+ 67. Kh3 Kf3 68. g5 Bxg5 69. hxg5 hxg5 0-1